000 00964nam a2200265 i 4500
003 EG-GICUC
005 20260416113032.0
008 260408b1905 uk ||||frw||| 001 0 eng d
040 _aEG-GiCUC
_beng
_cEG-GiCUC
_dEG-GiCUC
_erda
082 0 4 _221
_a341.5
_bR E
092 0 4 _221
099 _aLaw1 11 341.5 R E 1905
245 1 0 _aReports Of Prize Cases High Court Of Admiralty Before The Lords Commissioners Of Appeals In Prize Causes, And Before The Judicial Committee Of The Privy Council From 1745 To 1859 /
_cEdited By E. S. Roscoe.
_nVol 1
264 1 _aLondon :
_bStevens And Sons, Limited,
_c1905.
300 _a650 pages :
_c24 cm
336 _2rda content
_atext
337 _2rda media
_aComputer
338 _2rda carrier
_aOnline Resource
546 _aText in English
650 1 4 _aInternational law
700 1 _aRoscoe,E. S.
_eeditor.
856 4 0 _uhttps://fll.law.cu.edu.eg/fulltext/bks/B11-09152.pdf
905 _a67
942 _2ddc
_cBK
_e21
_n0
999 _c69552
_d69552